1315 1732 1285 1593 1755 1597 1193 1954 1307 1241 1750 1493 1309 1583 1263 1905 1512 1401 1043 1120 1403 1579 1306 1750 1554 1354 1617 1562 1749 1168 1228 1590 1711 1538 1986 1552 1374 1986 1663 1293 1727 1520 1495 1270 1228 1255 1512 1197 1838 1976 1392 1212 1658 1446 1934 1537 1387 1004 1140 1126 1713 1825 1228 1446 1756 1889 1950 1915 1299 1929 1100 1893 1523 1370 1170 1031 1878 1107 1879 1171 1976 1783 1161 1533 1057 1692 1927 1645 1481 1112 1511 1534 1000 1495 1196 1514 1726 1097 1994 BCNSPRNW ULIB Ver.6.0+V

เปลี่ยนเป็นภาษาไทย

Change to English
 แสดงรายละเอียดบรรณานุกรม
  กลับหน้าหลัก

Brief Record : Get Marc (ISO 2709) : E-mail record : QR code < ปิดหน้าต่าง
LEADER : 00000nam 2200000uu 4500
001    13399124394
003     ULIB
008    150605s2551||||th 000 0 tha d
020    ^a9745150991
060  4  ^aWA546^bค695
110 1  ^aกระทรวงสาธารณสุข.^bกรมอนามัย.
245  0  ^aคู่มือการส่งเสริมสุขภาพวัยทำงาน /^cกรมอนามัย กระทรวงสาธารณสุข.
250    พิมพ์ครั้งที่6
260    ^aกรุงเทพฯ :^bกรมอนามัย,^c 2551.
300    ^a80 หน้า :^bภาพประกอบ ;^c21 ซม.
650  7  ^aวัยกลางคน^xสุขภาพและอนามัย.
650  7  ^aการส่งเสริมสุขภาพ.
945    ^p0^l0^i22966
945    ^p0^l0^i22967
945    ^p0^l0^i22968
945    ^p0^l0^i22969
999    ^aทศพร เกษรทอง
รายการนี้ยังไม่มีแท็ก
คุณยังไม่ได้ล็อกอิน คุณสามารถมีกิจกรรมร่วมกับเว็บไซต์ได้ แต่ต้องล็อกอินก่อน ::
  ล็อกอิน

รายการสื่อสารสนเทศ

ลำดับที่ ประเภท เลขเรียก/บาร์โค้ด สถานที่ สถานะ
- ไม่พบข้อมูล -

รายการใกล้เคียง
    หัวเรื่อง [การส่งเสริมสุขภาพ.]

BibComment


ยังไม่เคยถูกคอมเมนท์

คอมเมนท์ทรัพยากรรายการนี้
  คอมเมนท์: คู่มือการส่งเสร..


 Copyright 2026. Bcnsprnw @Library